000 00280nam a22001337a 4500
008 181018b xxu||||| |||| 00| 0 eng d
020 _a9781605296470
041 _aeng
080 _a712
100 _a41
101 _aART
245 _aOn The Grid
_cHuler.S
942 _2udc
_cBK
999 _c50104
_d50104